000 00503ntaaa2200193 4500
003 01
005 20251027203122.0
008 0714s1973 ag 01
040 _aAR-BaBN
_bspa
_cAR-BaBN
_eaacr
_dRIC
082 _a269.0000 C26
100 _aCasa Bautista de Publicaciones
_99284
245 _aUna vida abundante y con propósito
250 _a1 ed.
260 _aEl Paso :
_bCasa Bta. de Publicaciones,
_cs.f.
300 _a16 p
650 _aAutor
_923984
650 _aEvangelismo
_9336
942 _cBK
999 _c26661
_d26661